Guideliens and Screening method of Pharmacology (Record no. 13471)
[ view plain ]
| 000 -LEADER | |
|---|---|
| fixed length control field | 00490nam a22001937a 4500 |
| 003 - CONTROL NUMBER IDENTIFIER | |
| control field | OSt |
| 008 - FIXED-LENGTH DATA ELEMENTS--GENERAL INFORMATION | |
| fixed length control field | 250430b |||||||| |||| 00| 0 eng d |
| 020 ## - INTERNATIONAL STANDARD BOOK NUMBER | |
| International Standard Book Number | 9789389354522 |
| 100 ## - MAIN ENTRY--PERSONAL NAME | |
| Personal name | Bodakhe, Surendra.H |
| 245 ## - TITLE STATEMENT | |
| Title | Guideliens and Screening method of Pharmacology |
| 260 ## - PUBLICATION, DISTRIBUTION, ETC. (IMPRINT) | |
| Place of publication, distribution, etc | Hyderabad |
| Name of publisher, distributor, etc | Pharmamed |
| Date of publication, distribution, etc | 2025 |
| 300 ## - PHYSICAL DESCRIPTION | |
| Extent | xv,209 |
| 650 ## - SUBJECT ADDED ENTRY--TOPICAL TERM | |
| Topical term or geographic name as entry element | Pharmacology |
| 700 ## - ADDED ENTRY--PERSONAL NAME | |
| Personal name | Jain, Prag |
| 700 ## - ADDED ENTRY--PERSONAL NAME | |
| Personal name | battacharya, Arin |
| 700 ## - ADDED ENTRY--PERSONAL NAME | |
| Personal name | Jaya shree |
| 700 ## - ADDED ENTRY--PERSONAL NAME | |
| Personal name | Amrita Singh |
| 942 ## - ADDED ENTRY ELEMENTS (KOHA) | |
| Source of classification or shelving scheme | Dewey Decimal Classification |
| Koha item type | Text Books |
| Withdrawn status | Lost status | Source of classification or shelving scheme | Damaged status | Not for loan | Collection code | Home library | Current library | Date acquired | Source of acquisition | Currency | Cost, normal purchase price | Bill Number | Total Checkouts | Full call number | Acc. no. / Barcode | Date last seen | Actual Cost, discounted price | Bill Date | Koha item type |
|---|---|---|---|---|---|---|---|---|---|---|---|---|---|---|---|---|---|---|---|
| Dewey Decimal Classification | B.Pharma | PIET C-LIBRARY | PIET C-LIBRARY | 22/04/2025 | Zafaa Books Distributres | Rs | 325.00 | ZBD0062 | 615.1 BOG | BP2807 | 30/04/2025 | 243.75 | 19/04/2025 | Reference Books | |||||
| Dewey Decimal Classification | B.Pharma | PIET C-LIBRARY | PIET C-LIBRARY | 22/04/2025 | Zafaa Books Distributres | Rs | 325.00 | ZBD0062 | 615.1 BOG | BP2808 | 30/04/2025 | 243.75 | 19/04/2025 | Text Books | |||||
| Dewey Decimal Classification | B.Pharma | PIET C-LIBRARY | PIET C-LIBRARY | 22/04/2025 | Zafaa Books Distributres | Rs | 325.00 | ZBD0062 | 615.1 BOG | BP2809 | 30/04/2025 | 243.75 | 19/04/2025 | Text Books | |||||
| Dewey Decimal Classification | B.Pharma | PIET C-LIBRARY | PIET C-LIBRARY | 22/04/2025 | Zafaa Books Distributres | Rs | 325.00 | ZBD0062 | 615.1 BOG | BP2810 | 30/04/2025 | 243.75 | 19/04/2025 | Text Books | |||||
| Dewey Decimal Classification | B.Pharma | PIET C-LIBRARY | PIET C-LIBRARY | 22/04/2025 | Zafaa Books Distributres | Rs | 325.00 | ZBD0062 | 615.1 BOG | BP2811 | 30/04/2025 | 243.75 | 19/04/2025 | Text Books |